000 00777nam a2200229 4500
005 20240530110609.0
008 160625s2014 ua ||||f b||| 00| 0 ara d
017 _a2013/24083
_bمصر. دار الكتب المصرية
020 _a9772329403
040 _aEG-CaGPL
082 0 4 _a155.2/
_bع ص
_221
100 0 _aعلا عبدالباقى
245 1 2 _aالصحة النفسية وتنمية الانسان /
_cعلا عبدالباقى
250 _aط. 1.
260 _aالقاهرة :
_bعالم الكتب،
_c2014.
300 _a240 ص. ؛
_c24 سم.
504 _aببليوجرافية : ص. 235-240.
650 0 4 _aالصحة النفسية
650 0 4 _aالامراض النفسية
942 _2ddc
_cBK
999 _c62823
_d62823